Introduction to information systems (Registro nro. 8883)
[ vista simple ]
| 000 -CABECERA | |
|---|---|
| Longitud fija campo de control | 00717cam a22002414a 4500 |
| 001 - NÚMERO DE CONTROL | |
| Número de control | 14052184 |
| 003 - IDENTIFICADOR DELl NÚMERO DE CONTROL | |
| Identificador del número de control | OSt |
| 005 - FECHA Y HORA DE LA ÚLTIMA TRANSACCIÓN | |
| Fecha y hora de la última transacción | 20150810180018.0 |
| 008 - CÓDIGOS DE INFORMACIÓN DE LONGITUD FIJA | |
| Códigos de información de longitud fija | 050726s2007 usa eng |
| 020 ## - NÚMERO INTERNACIONAL NORMALIZADO PARA LIBROS | |
| Número Internacional Normalizado para Libros (ISBN) | 978-0-07-304355-5 |
| 040 ## - FUENTE DE LA CATALOGACIÓN | |
| Centro catalogador de origen | DLC |
| Centro transcriptor | BMC |
| Centro modificado | DLC |
| 082 ## - NÚMERO DE LA CLASIFICACIÓN DECIMAL DEWEY | |
| Númeroo de clasificación | 658.04 |
| 082 ## - NÚMERO DE LA CLASIFICACIÓN DECIMAL DEWEY | |
| Númeroo de clasificación | 004.21 |
| 100 1# - PUNTO DE ACCESO PRINCIPAL-NOMBRE DE PERSONA | |
| 9 (RLIN) | 16785 |
| Nombre de persona | O'Brien, James A. |
| 245 10 - MENCIÓN DE TÍTULO | |
| Título | Introduction to information systems |
| Mención de responsabilidad, etc. | James A. O'Brien, George M. Marakas |
| 250 ## - MENCIÓN DE EDICIÓN | |
| Mención de edición | 13th ed |
| 260 ## - PUBLICACIÓN, DISTRIBUCIÓN, ETC. (PIE DE IMPRENTA) | |
| Lugar de publicación, distribución, etc. | Boston [etc.] |
| Nombre del editor, distribuidor, etc. | McGraw-Hill/Irwin |
| Fecha de publicación, distribución, etc. | cop. 2007 |
| 300 ## - DESCRIPCIÓN FÍSICA | |
| Extensión | XXXI, 543 p. |
| Otras características físicas | il. col. |
| Dimensiones | 28 cm |
| 650 24 - PUNTO DE ACCESO ADICIONAL DE MATERIA - TÉRMINO DE MATERIA | |
| Término de materia o nombre geográfico como elemento inicial | Administración de sistemas de información |
| 9 (RLIN) | 1736 |
| 650 24 - PUNTO DE ACCESO ADICIONAL DE MATERIA - TÉRMINO DE MATERIA | |
| 9 (RLIN) | 3341 |
| Término de materia o nombre geográfico como elemento inicial | Gestión de empresas |
| 700 1# - PUNTO DE ACCESO ADICIONAL - NOMBRE DE PERSONA | |
| Nombre de persona | Marakas, George M. |
| 9 (RLIN) | 16786 |
| 942 ## - ENTRADA DE ELEMENTOS AGREGADOS (KOHA) | |
| Fuente de clasificaión o esquema | Dewey Decimal Classification |
| Koha [por defecto] tipo de item | 1- Monografias |
| Suprimido | Perdido | Fuente de clasificación o esquema | Estropeado | Restricciones de uso | No para préstamo | Código de colección | Localización permanente | Localización actual | Localización en estanter&íacute;as | Fecha adquisición | Fuente de adquisición | Número de inventario | Préstamos totales | Signatura completa | Código de barras | Fecha última consulta | Coste, precio reemplazado | Fecha del precio de reemplazo | Tipo de item de Koha | Fecha último préstamo |
|---|---|---|---|---|---|---|---|---|---|---|---|---|---|---|---|---|---|---|---|---|
| NULL | NULL | Dewey Decimal Classification | NULL | Prestable | NULL | NULL | Biblioteca Centro Regional de Ilobasco | Biblioteca Centro Regional de Ilobasco | Sala Principal | 03/11/2011 | FEPADE | LI001707 | 658.04 OBR int | 1038229 | 21/09/2016 | 21/09/2016 | 1- Monografias | |||
| NULL | NULL | Dewey Decimal Classification | NULL | Prestable | NULL | NULL | Biblioteca Centro Regional de Ilobasco | Biblioteca Centro Regional de Ilobasco | Sala Principal | 03/11/2011 | FEPADE | LI001708 | 658.04 OBR int | 1038230 | 21/09/2016 | 21/09/2016 | 1- Monografias | |||
| NULL | NULL | Dewey Decimal Classification | NULL | Prestable | NULL | NULL | Biblioteca Centro Regional de Ilobasco | Biblioteca Centro Regional de Ilobasco | Sala Principal | 03/11/2011 | FEPADE | LI001709 | 658.04 OBR int | 1038231 | 21/09/2016 | 21/09/2016 | 1- Monografias | |||
| NULL | NULL | Dewey Decimal Classification | NULL | Prestable | NULL | NULL | Biblioteca Centro Regional de Ilobasco | Biblioteca Centro Regional de Ilobasco | Sala Principal | 03/11/2011 | FEPADE | LI001710 | 1 | 658.04 OBR int | 1038232 | 22/02/2019 | 21/09/2016 | 1- Monografias | 22/02/2019 | |
| NULL | NULL | Dewey Decimal Classification | NULL | Prestable | NULL | NULL | Biblioteca Centro Regional de Ilobasco | Biblioteca Centro Regional de Ilobasco | Sala Principal | 03/11/2011 | FEPADE | LI001711 | 658.04 OBR int | 1038233 | 21/09/2016 | 21/09/2016 | 1- Monografias | |||
| NULL | NULL | Dewey Decimal Classification | NULL | Prestable | NULL | NULL | Biblioteca Miguel de Cervantes - UNICAES | Biblioteca Miguel de Cervantes - UNICAES | Sala Principal | 21/12/2011 | Donación - FEPADE | 014483 | 658.04 OBR int | 1014483 | 05/04/2014 | 42.00 | 05/04/2014 | 1- Monografias | ||
| NULL | NULL | Dewey Decimal Classification | NULL | Prestable | NULL | NULL | Biblioteca Miguel de Cervantes - UNICAES | Biblioteca Miguel de Cervantes - UNICAES | Sala Principal | 21/12/2011 | Donación - FEPADE | 014484 | 658.04 OBR int | 1014484 | 05/04/2014 | 42.00 | 05/04/2014 | 1- Monografias |